<?xml version="1.0" encoding="UTF-8"?>
<record
    xmlns:xsi="http://www.w3.org/2001/XMLSchema-instance"
    xsi:schemaLocation="http://www.loc.gov/MARC21/slim http://www.loc.gov/standards/marcxml/schema/MARC21slim.xsd"
    xmlns="http://www.loc.gov/MARC21/slim">

  <leader>02622nam a2200349 i 4500</leader>
  <controlfield tag="001">190767</controlfield>
  <controlfield tag="003">ES-MaACL</controlfield>
  <controlfield tag="005">20250825062644.0</controlfield>
  <controlfield tag="008">220701s2022    sp a          001 0 spa</controlfield>
  <datafield tag="020" ind1=" " ind2=" ">
    <subfield code="a">978-84-16300-97-6</subfield>
  </datafield>
  <datafield tag="040" ind1=" " ind2=" ">
    <subfield code="c">ES-MaACL</subfield>
  </datafield>
  <datafield tag="100" ind1="0" ind2=" ">
    <subfield code="a">Fraga, Mar&#xED;a Jes&#xFA;s</subfield>
    <subfield code="9">52067</subfield>
    <subfield code="e">aut</subfield>
  </datafield>
  <datafield tag="245" ind1="1" ind2="0">
    <subfield code="a">Gu&#xED;a del Madrid de "Celia en la revoluci&#xF3;n" / </subfield>
    <subfield code="c">Mar&#xED;a Jes&#xFA;s Fraga ; ilustraciones y dise&#xF1;o gr&#xE1;fico de Juan Millares Alonso ; pr&#xF3;logo de Fernando Castillo C&#xE1;ceres.</subfield>
  </datafield>
  <datafield tag="260" ind1=" " ind2=" ">
    <subfield code="a">Madrid : </subfield>
    <subfield code="b">Ulises, </subfield>
    <subfield code="c">[2022].</subfield>
  </datafield>
  <datafield tag="300" ind1=" " ind2=" ">
    <subfield code="a">274 p. : </subfield>
    <subfield code="b">il. col. y n., planos ; </subfield>
    <subfield code="c">21 cm.</subfield>
  </datafield>
  <datafield tag="490" ind1="1" ind2=" ">
    <subfield code="a">El mundo de Celia ;</subfield>
    <subfield code="v">0</subfield>
  </datafield>
  <datafield tag="520" ind1=" " ind2=" ">
    <subfield code="a">Ser&#xED;a dif&#xED;cil calcular cu&#xE1;ntos kil&#xF3;metros recorri&#xF3; Celia por el Madrid de la Guerra Civil. Pero fueron muchos, seg&#xFA;n nos relata Elena Fort&#xFA;n en Celia en la revoluci&#xF3;n. Su condici&#xF3;n de hija de un combatiente herido en el frente e internado en el Hospital Militar de Carabanchel y el deber de cuidar a sus hermanas peque&#xF1;as, alojadas en un albergue de la calle Serrano, la obligaron a cruzar la ciudad continuamente. M&#xE1;s tarde ser&#xE1; la solidaridad con las amigas lo que justifica sus escalofriantes recorridos bajo las bombas. La mayor&#xED;a de los desplazamientos durante el &#xFA;ltimo a&#xF1;o de la contienda tienen como finalidad el procurarse alimento. Son recorridos por un Madrid fantasmag&#xF3;rico de escombros, caf&#xE9;s decadentes y mercados ambulantes, que conforman lo que bien podr&#xED;a llamarse &#xAB;geograf&#xED;a del hambre&#xBB;. Esta gu&#xED;a nos invita a acompa&#xF1;ar a Celia en sus recorridos por la ciudad de Madrid y sus afueras, y descubrir con ella los lugares que marcaron la capital asediada: los parajes donde se abandonaban los fusilados, los edificios destruidos por las bombas, los locales de ocio... Algunos se conservan intactos, pero muchos otros han sido destruidos por la piqueta especulativa o por la voluntad de borrar toda huella de la contienda.</subfield>
  </datafield>
  <datafield tag="600" ind1="1" ind2="7">
    <subfield code="a">Fort&#xFA;n, Elena,</subfield>
    <subfield code="d">1886-1952</subfield>
    <subfield code="2">embne</subfield>
    <subfield code="9">166428</subfield>
  </datafield>
  <datafield tag="650" ind1=" " ind2="7">
    <subfield code="a">Rutas literarias-</subfield>
    <subfield code="z">Madrid</subfield>
    <subfield code="9">138068</subfield>
  </datafield>
  <datafield tag="651" ind1=" " ind2="7">
    <subfield code="a">Madrid-</subfield>
    <subfield code="x">En la literatura</subfield>
    <subfield code="9">138069</subfield>
  </datafield>
  <datafield tag="655" ind1=" " ind2="7">
    <subfield code="2">tgfbne</subfield>
    <subfield code="a">Libros ilustrados</subfield>
    <subfield code="9">193653</subfield>
  </datafield>
  <datafield tag="700" ind1="1" ind2=" ">
    <subfield code="a">Millares Alonso, Juan</subfield>
    <subfield code="9">174742</subfield>
    <subfield code="e">ill</subfield>
  </datafield>
  <datafield tag="700" ind1="0" ind2=" ">
    <subfield code="a">Castillo C&#xE1;ceres, Fernando</subfield>
    <subfield code="9">36728</subfield>
    <subfield code="e">aui</subfield>
  </datafield>
  <datafield tag="830" ind1=" " ind2=" ">
    <subfield code="9">239988</subfield>
    <subfield code="a">El mundo de Celia ;</subfield>
    <subfield code="v">0</subfield>
  </datafield>
  <datafield tag="852" ind1="4" ind2=" ">
    <subfield code="a">ES-MaACL</subfield>
    <subfield code="j">A-14986</subfield>
    <subfield code="9">197949</subfield>
    <subfield code="b">R.153391</subfield>
    <subfield code="c">DEPO1</subfield>
    <subfield code="d">Olim: N-7986</subfield>
    <subfield code="h">Donaci&#xF3;n: Pilar Fernandez Vera </subfield>
  </datafield>
  <datafield tag="903" ind1=" " ind2=" ">
    <subfield code="a">Fern&#xE1;ndez Vera, Pilar,</subfield>
    <subfield code="d">1961-</subfield>
    <subfield code="e">dnr</subfield>
    <subfield code="9">49420</subfield>
  </datafield>
  <datafield tag="942" ind1=" " ind2=" ">
    <subfield code="c">MONOGRAFIA</subfield>
    <subfield code="n">0</subfield>
  </datafield>
  <datafield tag="999" ind1=" " ind2=" ">
    <subfield code="c">190767</subfield>
    <subfield code="d">190767</subfield>
  </datafield>
  <datafield tag="952" ind1=" " ind2=" ">
    <subfield code="0">0</subfield>
    <subfield code="1">0</subfield>
    <subfield code="2">udc</subfield>
    <subfield code="4">0</subfield>
    <subfield code="7">0</subfield>
    <subfield code="a">ATENEOM</subfield>
    <subfield code="b">ATENEOM</subfield>
    <subfield code="c">DEPO1</subfield>
    <subfield code="d">2022-07-01</subfield>
    <subfield code="e">DONACION</subfield>
    <subfield code="l">0</subfield>
    <subfield code="o">A-14986</subfield>
    <subfield code="p">1203036</subfield>
    <subfield code="r">2023-02-23 00:00:00</subfield>
    <subfield code="w">2023-02-23</subfield>
    <subfield code="y">MONOGRAFIA</subfield>
  </datafield>
</record>
